Schaltjahre - Sudden Death - Statistiken

Allgemein
  • Dieses Quiz wurde 112 mal gespielt
    109 seit der letzten Aktualisierung
  • Das Durchschnittsergebnis liegt bei 3 aus 14
Answers on the Grid
Answers color-coded by a green-red scale on the quiz's grid according to % correct below.
2000
2032
1776
1848
1944
1592
2772
1600
2008
1900
2100
2006
2094
1874
1702
1700
1598
1954
1974
4830
714
1990
1918
1950
24
1662
1300
2850
2034
1868
1606
1922
12852
3400
1582
0
6666
2222
4444
1896
1534
1752
 
Antwortstatistiken
Antwort % Korrekt
2008
65%
2000
63%
2032
45%
1896
22%
4444
22%
1944
14%
1600
12%
1848
11%
1776
9%
1868
9%
1592
8%
2772
6%
12852
5%
1752
5%
Keine übereinstimmenden Quizze gefunden
Verteilung der Resultate
Anzahl Personen mit jedem Resultat
Perzentil nach korrekt beantworteten Fragen
Ihre Resultats-Entwicklung
Sie haben dieses Quiz seit der letzten Aktualisierung nicht gespielt